<?xml version="1.0" encoding="UTF-8"?>
<record
    xmlns:xsi="http://www.w3.org/2001/XMLSchema-instance"
    xsi:schemaLocation="http://www.loc.gov/MARC21/slim http://www.loc.gov/standards/marcxml/schema/MARC21slim.xsd"
    xmlns="http://www.loc.gov/MARC21/slim">

  <leader>00446cam a22001451  4500</leader>
  <datafield tag="040" ind1=" " ind2=" ">
    <subfield code="c">MeB</subfield>
  </datafield>
  <datafield tag="082" ind1=" " ind2=" ">
    <subfield code="a">634 RON 1958 A040 Or.</subfield>
  </datafield>
  <datafield tag="245" ind1="1" ind2="4">
    <subfield code="a">The physiology of forest trees;</subfield>
    <subfield code="b">a symposium held at the Harvard Forest, April 1957,</subfield>
  </datafield>
  <datafield tag="260" ind1=" " ind2=" ">
    <subfield code="a">New York,</subfield>
    <subfield code="b">Ronald Press Co.</subfield>
    <subfield code="c">[1958]</subfield>
  </datafield>
  <datafield tag="300" ind1=" " ind2=" ">
    <subfield code="a">xvi, 678 p.</subfield>
    <subfield code="b">illus., diagrs., tables.</subfield>
    <subfield code="c">24 cm.</subfield>
  </datafield>
  <datafield tag="650" ind1=" " ind2="0">
    <subfield code="a">Trees</subfield>
  </datafield>
  <datafield tag="700" ind1="1" ind2=" ">
    <subfield code="a">Thimann, Kenneth Vivian,</subfield>
  </datafield>
  <datafield tag="710" ind1="2" ind2=" ">
    <subfield code="a">Harvard University.</subfield>
  </datafield>
  <datafield tag="942" ind1=" " ind2=" ">
    <subfield code="c">EK</subfield>
  </datafield>
  <datafield tag="999" ind1=" " ind2=" ">
    <subfield code="c">12233</subfield>
    <subfield code="d">12233</subfield>
  </datafield>
  <datafield tag="952" ind1=" " ind2=" ">
    <subfield code="0">0</subfield>
    <subfield code="1">0</subfield>
    <subfield code="4">0</subfield>
    <subfield code="6">634_000000000000000_RON_1958_A040_OR</subfield>
    <subfield code="7">0</subfield>
    <subfield code="9">61626</subfield>
    <subfield code="a">LBA</subfield>
    <subfield code="b">LBA</subfield>
    <subfield code="c">A040</subfield>
    <subfield code="d">2017-08-11</subfield>
    <subfield code="o">634 RON 1958 A040 Or.</subfield>
    <subfield code="p">A09309</subfield>
    <subfield code="r">2017-08-11</subfield>
    <subfield code="w">2017-08-11</subfield>
    <subfield code="y">EK</subfield>
  </datafield>
</record>
